000 01316nam0a2200325 i 4500
001 RU\NLR\BIBL_A\010853591
005 20241104112650.0
010 _a9785804107780
_91000
021 _aRU
_b2015-64059
_93820
035 _a(NILC)RuMoRGB-008002558
035 _a(NLR Aleph) 010853591
090 _a10384988
_c10384988
100 _a20151001d2015 u y0rusy50 ca
101 0 _arus
102 _aRU
105 _ay z 000yy
200 1 _aПолитики, предатели, пророки
_eновейшая история России в портретах (1985-2012)
_fСергей Черняховский
210 _aМосква
_cКнижный мир
_d2015
215 _a317, [2] с.
_d21
225 1 _aКоллекция Изборского клуба
300 _aНа 4-й с. обл. авт.: Черняховский С.Ф. - действ. чл. Акад. полит. науки, д. полит. наук, проф.
333 _a12+
607 _aРоссийская Федерация
_xИстория
_xДеятели
_92131128
_3RU\NLR\AUTH\661589762
686 1 _aТ3(2)74-8
700 1 _aЧерняховский
_bС. Ф.
_gСергей Феликсович
801 0 _aRU
_bРГБ
_c20150821
_gRCR
942 _cBOOK
980 _aNBR